000 00291nam a22001337a 4500
008 181221b xxu||||| |||| 00| 0 eng d
020 _a076198500
041 _aeng
080 _a316
100 _a50
101 _aSOC
245 _aThe Production of Reality
_cO'Brien, J
942 _2udc
_cBK
999 _c53618
_d53618